[Event "1st Irena Warakomska Memorial"]
[Site "Suwalki"]
[Date "2017.08.13"]
[Round "3"]
[White "Jakubowski, Krzysztof"]
[Black "Tomczak, Jacek"]
[Result "0-1"]
[WhiteElo "2515"]
[BlackElo "2598"]
[Annotator "TA"]
[PlyCount "112"]
[EventDate "2017.??.??"]
[EventType "swiss"]
[EventCountry "POL"]
[SourceTitle "playchess.com"]
[Source "ChessBase"]
[SourceQuality "1"]

{[%evp 12,112,0,-10,40,32,24,10,36,40,41,39,34,19,33,29,36,0,13,5,6,0,46,0,24,0,0,0,41,27,62,57,56,45,45,30,34,29,26,0,0,0,0,0,35,41,43,19,27,0,18,33,22,0,0,0,0,-18,-15,-14,-15,-66,-62,-68,-50,-97,-109,-122,-80,-467,-442,-416,-184,-354,-206,-289,-152,-217,-203,-401,-381,-394,-393,-346,-347,-400,-343,-408,-413,-415,-414,-405,-405,-566,-557,-570,-490,-1172,-1174,-1173,-1147,-1162,-1128]} 1. d4 Nf6 2. Nf3 g6 3. Bf4 Bg7 4. Nbd2 O-O 5. c3 d6 6. h3 Nbd7 7. e4 {LiveBook: 20 Games} Nh5 {A48: 1 d4 Nf6 2 Nf3 g6: Torre, London and Colle Systems} (7... e5 $5 8. Bg5 (8. dxe5 Nxe5 9. Nxe5 dxe5 $11) 8... h6 $11) (7... e5 8. dxe5 dxe5 9. Be3 Qe7 10. Bc4 b6 11. O-O Bb7 12. Re1 Nc5 13. Bxc5 Qxc5 14. b4 Qe7 15. a4 {½-½ (69) Kamsky,G (2741)-Guseinov,G (2631) Khanty-Mansiysk 2013}) 8. Bh2 e5 9. Bc4 Qf6 {The position is equal.} 10. O-O Nf4 11. Re1 Nb6 $146 ({Predecessor:} 11... Re8 12. Bg3 h6 13. Nf1 Nf8 14. dxe5 dxe5 15. Ne3 {½-½ (39) Khashimov,V-Dgebuadze,A (2345) Ashkhabad 1990}) 12. Bf1 (12. Bb3 {looks sharper.} a5 13. a4 h5 14. Bg3 Bh6 15. Bh4) 12... Be6 13. a4 a5 $1 14. d5 {[#] Bxf4 is the strong threat.} Bd7 15. Kh1 (15. Bg3 $5 {[%cal Rg3h4]}) 15... c6 16. c4 c5 17. b3 Bh6 18. Ra2 Rae8 19. Ng1 Qd8 20. Nb1 Nc8 21. Nc3 Kh8 22. g3 Nh5 23. Bg2 Ng7 24. f4 f5 25. exf5 exf4 26. fxg6 fxg3 $1 27. Bxg3 Qg5 28. Bh2 Qxg6 29. Rae2 Rxe2 30. Rxe2 Nh5 31. Ne4 Nf4 32. Bxf4 (32. Rf2 $5 {[%cal Rd1f1]} Rg8 33. Qf3 Nxg2 34. Rxg2 Qxg2+ 35. Qxg2 Rxg2 36. Kxg2 $14) 32... Rxf4 33. Qe1 b6 $1 34. Nd2 Rf7 35. Bf3 Bf4 36. Be4 (36. Ne4 $11) 36... Qh6 $15 37. Bg2 Qf8 38. Ndf3 Ne7 {[%cal Bc8e7,Be7g8,Bg8f6,Bf6h5,Bh5f4][%mdl 32] [#] And now ...Nf5 would win.} 39. Nh4 Qg7 {aiming for ...Bg3.} 40. Ngf3 $2 {[%mdl 8192]} (40. Rf2 $17 {is tougher.}) 40... Ng8 41. Qb1 Qf6 (41... Bg3 $142 {Strongly threatening ...Rf4.} 42. Re4 Nf6) 42. Re4 $2 (42. Qb2) 42... Qc3 (42... Rg7 $142 43. Bf1 Qh6) 43. Ng1 (43. Re2 {is a better defense.}) 43... Bh6 (43... Qg3 $19 {[%csl Gf4][%cal Rg3h2]} 44. Nhf3 Rg7) 44. Qd1 (44. Re2 $17 {was necessary.}) 44... Qg3 {Threatens to win with ...Nf6.} 45. Nhf3 $2 (45. Ne2 {was forced.} Qf2 46. Qg1) 45... Nf6 $19 46. Rh4 Qg6 ({Weaker is} 46... Rg7 47. Qf1 $19) 47. Ne2 {White hopes to continue with Nf4.} Nh5 ({But not} 47... Rg7 48. Qf1 $19) 48. Qg1 Bf5 49. Qh2 Bd3 50. Rg4 Qf6 51. Ng3 Nf4 52. Ne1 Bg6 {Black is clearly winning.} 53. Qg1 Re7 54. Ne4 (54. Qf1 $142 Re3 55. Qf2 Rxb3 56. Nf1) 54... Rxe4 55. Bxe4 Bxe4+ 56. Kh2 Qb2+ {Precision: White = 33%, Black = 53%.} 0-1

[Event "1st Irena Warakomska Memorial"]
[Site "Suwalki"]
[Date "2017.08.13"]
[Round "3"]
[White "Leniart, Arkadiusz"]
[Black "Mihok, Oliver"]
[Result "1-0"]
[WhiteElo "2480"]
[BlackElo "2534"]
[Annotator "TA"]
[PlyCount "65"]
[EventDate "2017.??.??"]
[EventType "swiss"]
[EventCountry "POL"]
[SourceTitle "playchess.com"]
[Source "ChessBase"]
[SourceQuality "1"]

{[%evp 31,65,0,0,-11,0,-10,22,0,0,0,0,0,27,24,49,53,422,422,416,390,402,394,1303,1298,1285,1263,1256,424,1259,416,1673,1573,29993,29992,29992,29993]} 1. d4 Nf6 2. c4 g6 3. Nc3 Bg7 4. Bg5 d6 5. e3 h6 6. Bh4 O-O 7. Be2 c5 8. Nf3 g5 9. Bg3 Nh5 10. dxc5 Nxg3 11. hxg3 dxc5 12. Qc2 e6 13. Rd1 Qe7 14. g4 {E61: King's Indian: Early deviations for White, including Smyslov System} (14. O-O Nc6 15. Rd2 g4 16. Nh4 h5 17. Rfd1 Ne5 18. Bd3 Bd7 19. Be4 Be8 20. Qb3 Rb8 21. Rd6 Bf6 {0-1 (45) Beim,V (2570)-Smirin,I (2615) Tel Aviv 1996}) 14... Nc6 15. a3 Rd8 16. Bd3 b6 {LiveBook: 3 Games} 17. Ke2 $146 ({Predecessor:} 17. Bh7+ Kf8 18. Rxd8+ Qxd8 19. Be4 Bb7 20. O-O Qe7 21. Rd1 Rd8 22. Rxd8+ Qxd8 {½-½ (89) Lechtynsky,J (2409)-Znamenacek,K (2287) Czechia 2002}) 17... Ba6 18. b3 Rd7 19. Be4 Rxd1 20. Rxd1 Bb7 21. Nb5 {[%cal Bc3b5,Bb5d6,Bd6f5][%mdl 32]} Na5 22. Nd6 $36 {[%mdl 2048] White has some pressure.} Bxe4 23. Qxe4 Rd8 $2 {[%mdl 8192] [#]} ({Black should try} 23... Rf8 $14) 24. Nf5 $1 $18 {[%cal Rf5e7][%mdl 512]} Qf6 (24... exf5 25. Qxe7) 25. Rxd8+ Qxd8 26. Nxg7 Qf6 $2 (26... Nxb3 27. Qc2 Nc1+ 28. Qxc1 Kxg7) 27. Nh5 Qb2+ 28. Nd2 Nxb3 29. Qa8+ Kh7 30. Qd8 (30. Qf8 $142) 30... Nc1+ (30... Qc2 $142 31. Qd3+ Qxd3+ 32. Kxd3 Nxd2) 31. Kf3 {[#] Intending Ne4 and mate.} Qc2 32. Nf6+ Kg6 33. Nde4 {Precision: White = 52%, Black = 31%.} 1-0

[Event "1st Irena Warakomska Memorial"]
[Site "Suwalki"]
[Date "2017.08.13"]
[Round "3"]
[White "Krzyzanowski, Marcin"]
[Black "Wozniak, Mariola"]
[Result "1-0"]
[WhiteElo "2464"]
[BlackElo "2181"]
[Annotator "TA"]
[PlyCount "119"]
[EventDate "2017.??.??"]
[EventType "swiss"]
[EventCountry "POL"]
[SourceTitle "playchess.com"]
[Source "ChessBase"]
[SourceQuality "1"]

{[%evp 9,119,-3,36,35,41,49,57,46,56,60,103,61,59,67,107,100,108,108,102,98,87,97,106,79,185,152,202,188,185,193,201,192,189,169,168,126,111,109,248,90,87,83,77,83,105,19,49,54,44,48,52,45,42,62,52,36,36,26,24,24,31,0,0,0,28,41,45,31,329,174,165,156,185,115,113,80,113,80,81,80,80,80,80,80,82,80,160,160,160,160,193,165,260,247,643,424,1305,1207,1244,1132,29967,29959,29970,4137,29984,29985,29985,29986,29986,29987,29987,29988]} 1. d4 f5 2. Qd3 e6 3. e4 (3. g4 d5 4. Nf3 Nf6 5. Ne5 Nxg4 6. Nxg4 fxg4 7. h3 gxh3 8. Rxh3 Nc6 9. Bf4 Qf6 10. e3 Bd7 {0-1 (26) Tabatabaei,M (2507)-Sethuraman,S (2623) Moscow 2017}) 3... fxe4 4. Qxe4 Nf6 5. Qh4 g6 6. Bd3 {aiming for Bxg6+! A80: Dutch Defence: Unusual White second moves} Bg7 7. Bg5 O-O $146 ({Predecessor:} 7... Qe7 8. Nc3 O-O 9. O-O-O Qf7 10. Nf3 {½-½ (41) Van Herck,M (2197)-Verrijssen,P Belgium 2001}) 8. Nd2 {White is slightly better.} c5 9. dxc5 Qa5 10. Ngf3 Qxc5 11. O-O b6 12. Ne4 Nxe4 13. Bxe4 Nc6 14. Be3 Qh5 15. Qxh5 gxh5 16. Ng5 $36 {[%mdl 2048] White is really pushing.} d5 (16... Bxb2 $16 {is a better defense.} 17. Rab1 (17. Bxh7+ Kg7 $14) (17. Nxh7 Ba6 $14) 17... Bc3) 17. Bxh7+ $18 Kh8 18. c3 Ne5 {[%cal Bc6e5,Be5c4,Bc4b2][%mdl 32]} 19. f4 Nc4 20. Bd4 Nxb2 21. Bg6 h4 22. Rae1 Bxd4+ 23. cxd4 Rf6 {[#]} (23... Kg7 $16) 24. Bb1 $2 (24. f5 $1 $18 {and the rest is easy.}) 24... Bd7 $16 25. f5 exf5 26. Re7 Bb5 27. Rf2 (27. Rxf5 $16 Rxf5 28. Rh7+ (28. Bxf5 Re8 $16) 28... Kg8 29. Bxf5) 27... Rc8 {( -> ...Rc1+)} 28. Rxb2 Rc1+ 29. Kf2 Rf1+ 30. Ke3 {And now Rh7+ would win.} f4+ $1 31. Kd2 Rf2+ 32. Kc3 Rc6+ 33. Kb3 Ba4+ $1 34. Ka3 Rc3+ 35. Kb4 (35. Rb3 $5 Bxb3 36. axb3 Rxg2 37. Nf7+ Kg8 38. Ne5 $11) 35... Rc4+ 36. Ka3 Rc3+ 37. Rb3 Bxb3 38. axb3 {Black must now prevent Bf5.} a5 $2 {[%mdl 8192]} (38... Rxg2 $14 39. Nf7+ Kg8) 39. Ne6 (39. Bf5 $142 Re3 40. Be6 Rxe6 41. Nxe6) 39... Rxg2 $18 {Strongly threatening ...Rc1.} 40. Nxf4 Rxh2 41. Nxd5 (41. Bf5 $18 {White threatens Ng6+ and mate.} Rg3 42. Ng6+ (42. Nxd5 Rg7 $11) 42... Rxg6 43. Bxg6) 41... Rf3 $16 42. Rh7+ ({Wrong is} 42. Nxb6 $2 Rf1 $19) 42... Kg8 {Hoping for ...Rf1.} 43. Ne7+ Kf8 {...Rf1 is the strong threat.} 44. Ng6+ Kg8 {Black wants to play ...Rf1.} 45. Rxh4 Rxh4 46. Nxh4 Rf1 47. Bd3 Rd1 ({Better is} 47... Rf4) 48. Bc4+ Kf8 49. Nf5 Ra1+ 50. Kb2 Rh1 {[#]} (50... Re1 $142 51. Nd6 Rh1) 51. d5 $1 $18 {[%cal Bd4d5,Bd5d6][%mdl 32]} Ke8 $2 (51... Rh5) 52. Kc3 Kd8 (52... Kd7 $142 53. Kd4 Rd1+ 54. Ke5 Re1+ 55. Kd4 Rd1+ 56. Ke5 Re1+ 57. Kf4 Kc7) 53. Kd4 Rh3 54. d6 b5 55. Bxb5 Rxb3 56. Kc4 (56. Kc5 $142 Rc3+ 57. Kb6 Rc2 58. Nd4 Rd2 59. Ne6+ Kc8 60. Kc6 Rc2+ 61. Nc5) 56... Rb1 57. Nd4 {White mates.} Rc1+ 58. Kd5 Rd1 59. Ba4 Rd2 60. Ke4 {Precision: White = 59%, Black = 38%.} 1-0

[Event "1st Irena Warakomska Memorial"]
[Site "Suwalki"]
[Date "2017.08.13"]
[Round "3"]
[White "Grib, Roman"]
[Black "Gleizerov, Evgeny"]
[Result "1-0"]
[WhiteElo "2427"]
[BlackElo "2519"]
[Annotator "TA"]
[PlyCount "127"]
[EventDate "2017.??.??"]
[EventType "swiss"]
[EventCountry "POL"]
[SourceTitle "playchess.com"]
[Source "ChessBase"]
[SourceQuality "1"]

{[%evp 24,127,18,15,18,9,14,8,10,11,18,0,14,18,29,21,24,32,36,43,72,73,66,34,216,54,242,247,225,65,55,88,99,96,97,97,98,98,99,96,123,119,115,119,270,146,147,114,145,127,134,110,130,145,240,239,224,104,97,120,104,8,8,8,8,8,14,8,10,8,25,31,83,8,8,8,8,8,8,8,8,8,1531,1556,899,158,29948,29943,12843,8546,12801,29943,5800,12547,12847,9651,29972,29973,29973,29974,29972,29973,29968,29966,9745,7587]} 1. e4 e6 2. d4 d5 3. Nc3 Nf6 4. Bg5 Be7 5. e5 Nfd7 6. Bxe7 Qxe7 7. f4 O-O 8. Nf3 c5 9. dxc5 Nc6 10. Bd3 f5 11. exf6 Qxf6 12. g3 Nxc5 13. O-O a6 {C14: French: Classical System: 4 Bg5 Be7 main line} (13... Bd7 14. Bb5 Ne7 15. Bxd7 Nxd7 16. Qd2 Nc5 17. Rae1 Rac8 18. Ne5 Rfd8 19. Rf2 Nf5 20. Ng4 Qg6 21. Ne5 Qf6 22. Ng4 Qg6 23. Ne5 {½-½ (23) Kovchan,A (2587)-Danin,A (2559) Dresden 2017}) 14. Qd2 Bd7 {[%cal Bc8d7,Bd7e8,Be8g6][%mdl 32]} 15. Rae1 Rac8 {The position is equal.} 16. a3 Be8 17. Rf2 h6 $146 ({Predecessor:} 17... Nxd3 18. cxd3 {0-1 (46) Martinez Rubi,A (2063)-Berrocal Farina,J (2261) Almansa 2011}) 18. Bf1 Bg6 19. Nxd5 Qxb2 20. Qe3 {aiming for c4.} Ne4 21. Nb6 Nxf2 22. Nxc8 Ne4 23. Nb6 (23. Ne5 $5 Bh7 24. Nxc6 bxc6 25. Bxa6 $16) 23... e5 $2 (23... Qxc2 $2 24. Bd3 $18) ({Black should try} 23... Nf6 $14) 24. Nd5 $2 (24. Bc4+ $18 Kh7 25. Nh4 (25. Nd7 Rd8 $16) 25... exf4 26. gxf4) 24... exf4 $2 (24... Qxc2 $2 25. Bd3 $18) (24... Nf6 $14 25. Nxf6+ gxf6) 25. Nxf4 $18 Bh7 26. Bc4+ $2 (26. Bd3 $18) 26... Kh8 $14 27. Nh4 Ne5 {White must now prevent ...g5.} 28. Bd5 g5 29. Bxe4 gxf4 30. Qc5 (30. gxf4 Ng4 $11) 30... Nd7 31. Qe7 $1 $40 {[%csl Ge4][%cal Re7h7][%mdl 128] White has strong attack.} Qd4+ 32. Kg2 {[%csl Ge4][%cal Re7h7]} Bxe4+ 33. Rxe4 Qg7 $2 (33... f3+ $16 {was necessary.} 34. Nxf3 Qf6 35. Qxf6+ Rxf6) 34. Qxg7+ (34. Qd6 $1 $18 Rf6 35. Re8+ Nf8 36. Rxf8+ $1 {[%mdl 512]} Qxf8 37. Qxf8+ Rxf8 38. Ng6+ Kg7 39. Nxf8 Kxf8 40. g4 (40. gxf4 Kf7 $18)) 34... Kxg7 $18 {[%mdl 4096] Endgame KRN-KRN} 35. Re7+ (35. Rxf4 $6 Rxf4 36. gxf4 Kf6 $14) 35... Rf7 36. Nf5+ $1 Kf6 37. Rxf7+ Kxf7 38. gxf4 $16 {KN-KN} Ke6 (38... Kg6 $16 {was worth a try.} 39. Ne3 Nc5) 39. Nxh6 $18 Nb6 40. Kf3 (40. f5+ $1 $18 {is the precise move to win.} Ke7 41. h4) 40... Nc4 $16 41. f5+ Ke7 42. Ng4 (42. a4 $16) 42... Nxa3 $11 43. Ne3 {h4 is the strong threat.} a5 44. Ke4 Nb5 45. c4 Nd6+ 46. Kd5 {Strongly threatening f6+!} a4 47. f6+ Kd7 48. c5 (48. Nc2 $1 $16) 48... Nb5 $1 49. Kc4 Nc7 $1 50. Nf5 {And now f7 would win.} (50. Kb4 $5 {[%cal Rb4a4]} Na6+ 51. Kb5 $16 (51. Kxa4 Nxc5+ 52. Kb5 Ne4 $11)) 50... Ke6 51. Nd6 Kxf6 52. Nxb7 {Hoping for Kb4.} Ke5 $2 {[%mdl 8192]} (52... Ne6 $11) 53. Kb4 $18 Kd5 54. h4 Kc6 $2 (54... Ke5 $16 55. Kxa4 Kf5) 55. Na5+ Kd5 56. c6 Ke5 57. Kxa4 Kf5 58. Kb4 Kg4 59. Kc5 Kxh4 60. Kd6 Nb5+ 61. Kd7 Kg5 62. Nc4 ({Inferior is} 62. c7 Nxc7 63. Kxc7 $11) 62... Kf6 {[#]} 63. Nd6 $1 ({And not} 63. c7 Nxc7 64. Kxc7 $11) 63... Nc3 {[#]} 64. Ne4+ $1 {[%mdl 512] Precision: White = 48%, Black = 43%.} 1-0

[Event "1st Irena Warakomska Memorial"]
[Site "Suwalki"]
[Date "2017.08.13"]
[Round "3"]
[White "Hnydiuk, Aleksander"]
[Black "Stachanczyk, Jacek"]
[Result "0-1"]
[WhiteElo "2424"]
[BlackElo "2209"]
[Annotator "TA"]
[PlyCount "58"]
[EventDate "2017.??.??"]
[EventType "swiss"]
[EventCountry "POL"]
[SourceTitle "playchess.com"]
[Source "ChessBase"]
[SourceQuality "1"]

{[%evp 23,58,66,67,58,66,22,22,-9,-8,-10,0,0,0,-64,-97,-118,-89,-75,0,0,0,0,-14,-40,0,0,82,-431,-420,-628,-627,-605,-605,-576,-568,-554,-566]} 1. Nf3 c5 2. c4 Nf6 3. Nc3 g6 4. e4 d6 5. d4 cxd4 6. Nxd4 Nc6 7. Be2 Bg7 8. Be3 Nxd4 9. Bxd4 O-O 10. O-O Bd7 11. Qd3 {B38: Sicilian: Maroczy Bind with 5...Bg7 and 7...0-0} (11. Qd2 Bc6 12. f3 a5 13. b3 Nd7 14. Be3 Nc5 15. Rab1 e6 16. Rfd1 Be5 17. g3 Qe7 18. Rbc1 Rad8 19. Re1 b6 20. Bf1 Qb7 21. Bg5 Rd7 22. Bh6 Bg7 23. Rcd1 Bxh6 24. Qxh6 f5 25. Bh3 fxe4 26. fxe4 Rdd8 27. Qe3 {½-½ (27) Rodshtein,M (2689)-Mista,A (2593) Drancy 2016}) 11... Bc6 12. b4 b6 {LiveBook: 8 Games} 13. Rfd1 {White is slightly better.} Bb7 $146 ({Predecessor:} 13... Rc8 14. Rac1 Bb7 15. Nd5 Bxd5 16. exd5 Qd7 17. a4 Qxa4 18. b5 Nh5 {1-0 (47) Brunello,S (2193)-Vocaturo,D (2221) Porto San Giorgio 2004}) 14. f4 e5 15. Be3 exf4 16. Bxf4 Re8 {[%cal Rf6e4]} 17. Bf3 a5 18. e5 (18. b5 $11) 18... Bxf3 19. Qxf3 Nh5 $1 $36 {[%cal Rh5f4][%mdl 2048] Keeping White busy.} 20. Rxd6 Qh4 (20... Qc8 $17 21. Rf1 Qxc4) 21. g3 $11 Qh3 22. Rf1 axb4 23. Ne4 Rxa2 {[%csl Ga2][%cal Rh3h2]} (23... Ra3 $5 {[%cal Ra3f3]} 24. Qf2 (24. Be3 Qf5 $17) 24... Qf5 $11) 24. Bd2 $1 Rf8 {[#]} (24... Qf5 $1 $11 {remains equal.} 25. Qxf5 gxf5 26. Rxf5 Bxe5) 25. Qb3 $2 {[%mdl 8192]} (25. Nf2 $1 $16 {[%cal Rf2h3] and life is bright.} Qc8 26. Rc6) 25... Ra3 $19 26. Qxb4 {[#]} (26. Qc2 $142 Nxg3 27. Nxg3 Rxg3+ 28. hxg3 Qxg3+ 29. Kh1 Bxe5 30. Bxb4 Bxd6 31. Bxd6 Qxd6 32. Qd1) 26... Nxg3 $1 {[%mdl 512] Black is clearly winning.} 27. hxg3 (27. Nxg3 Rxg3+) 27... Rxg3+ 28. Nxg3 Qxg3+ 29. Kh1 {Qc3 is the strong threat.} Bxe5 {Precision: White = 47%, Black = 81%.} 0-1

[Event "1st Irena Warakomska Memorial"]
[Site "Suwalki"]
[Date "2017.08.13"]
[Round "3"]
[White "Molenda, Marcin"]
[Black "Sadzikowski, Daniel"]
[Result "0-1"]
[WhiteElo "2420"]
[BlackElo "2594"]
[Annotator "TA"]
[PlyCount "86"]
[EventDate "2017.??.??"]
[EventType "swiss"]
[EventCountry "POL"]
[SourceTitle "playchess.com"]
[Source "ChessBase"]
[SourceQuality "1"]

{[%evp 9,86,9,12,7,8,3,21,0,25,15,20,22,23,3,6,0,4,0,8,0,0,-10,8,0,10,-2,0,-16,0,0,0,-6,-6,-13,0,0,0,-28,-10,-15,0,-12,-10,-12,-10,-32,-31,-53,-48,-83,-89,-103,-103,-89,-80,-125,-129,-138,-159,-172,-171,-185,-175,-382,-331,-345,-309,-611,-604,-894,-761,-781,-781,-985,-950,-950,-950,-941,-935]} 1. d4 Nf6 2. Nf3 d5 3. c4 e6 4. g3 Bb4+ 5. Bd2 Be7 6. Qc2 {E11: Bogo-Indian} O-O 7. Bg2 Nbd7 8. O-O {The position is equal.} Ne4 (8... c6 9. a4 a5 10. Rc1 Ne4 11. Ne1 Nd6 12. Na3 b6 13. cxd5 cxd5 14. b4 axb4 15. Bxb4 Ba6 16. e3 Nc4 {0-1 (54) So,W (2812)-Karjakin,S (2781) Paris 2017}) 9. Nc3 Nxd2 10. Nxd2 c6 11. e4 {[%cal Re4d5]} dxe4 12. Ndxe4 f5 13. Nd2 e5 14. dxe5 Nxe5 {[#]} 15. Rad1 $146 ({Predecessor:} 15. Rfe1 Qc7 {½-½ (31) Predojevic,B (2642)-Nisipeanu,L (2687) Baku 2016}) 15... Qc7 16. Ne2 Bd7 17. Nf3 Rad8 18. Rfe1 Nxf3+ 19. Bxf3 Bb4 20. Rf1 Bc5 21. Qc3 Bc8 22. b4 Bd6 23. Bg2 Rfe8 24. Rfe1 Be5 $36 {[%mdl 2048] Black has some pressure.} 25. Qc1 Be6 26. a3 Bf7 27. c5 Bf6 28. Qc2 g6 29. Nf4 Rxe1+ 30. Rxe1 {[#]} Qd7 $1 31. h4 a6 32. a4 {[#]} Qd2 $1 {[%cal Rd2c2]} 33. Qxd2 Rxd2 34. b5 cxb5 35. axb5 Bd4 36. Rc1 $2 (36. Re7 {was worth a try.}) 36... Bxf2+ 37. Kf1 {And now c6 would win.} Bxg3 38. Ne2 $2 {[#]} (38. bxa6 Bxf4 39. axb7) 38... Bc4 $1 $19 {[%mdl 512] Black is clearly winning.} 39. b6 (39. Rxc4 Rd1#) 39... Bxe2+ 40. Kg1 Bf4 {Threatens to win with ...Be3+.} 41. Bxb7 Be3+ 42. Kh1 Rd1+ 43. Rxd1 Bxd1 {Precision: White = 27%, Black = 60%.} 0-1

[Event "1st Irena Warakomska Memorial"]
[Site "Suwalki"]
[Date "2017.08.13"]
[Round "3"]
[White "Teclaf, Pawel"]
[Black "Sandipan, Chanda"]
[Result "0-1"]
[WhiteElo "2373"]
[BlackElo "2568"]
[Annotator "TA"]
[PlyCount "106"]
[EventDate "2017.??.??"]
[EventType "swiss"]
[EventCountry "POL"]
[SourceTitle "playchess.com"]
[Source "ChessBase"]
[SourceQuality "1"]

{[%evp 15,106,34,42,-23,29,25,27,3,13,0,0,-26,0,-4,-7,0,-5,-91,-82,-112,-110,-109,-109,-110,-110,-100,-98,-134,-140,-140,-116,-136,-87,-106,-108,-109,-60,-60,-60,-60,-61,-60,-60,-54,-55,-68,-60,-57,-60,-77,-81,-161,-148,-176,-169,-140,-140,-216,-214,-412,-349,-414,-423,-445,-425,-485,-479,-454,-202,-473,-469,-508,-494,-542,-537,-544,-529,-474,-468,-474,-406,-544,-540,-467,-523,-510,-487,-29979,-29980,-29982,-29983,-29991,-29992]} 1. e4 g6 2. d4 Bg7 3. Nc3 c6 4. Be3 d5 5. Qd2 dxe4 6. Nxe4 Nd7 7. Nf3 Ngf6 8. Nxf6+ Nxf6 9. Ne5 {B15: Caro-Kann: 3 Nc3: 3...g6 and 3...dxe4 4 Nxe4 Nf6 5 Nxf6+ exf6} ({White should try} 9. Bd3 $14) 9... Ng4 $146 (9... Ne4 $142 10. Qd1 Bf5) ({Predecessor:} 9... Ne4 10. Qd1 O-O 11. c3 Be6 12. Be2 Qa5 13. Nc4 Qc7 14. O-O Rad8 15. Qc1 c5 16. Bf4 Qc8 17. dxc5 Nxc5 {½-½ (32) Lim,Y (2330)-Kanep,M (2509) Turin 2006}) 10. Nxg4 $11 Bxg4 11. c3 {White has an edge.} e5 12. Be2 Be6 13. Bg5 Qd5 14. Bf3 Qa5 15. dxe5 Qxe5+ 16. Qe3 (16. Be3 $11 {remains equal.}) 16... Qb5 $1 $17 17. Qd2 O-O 18. Be2 Bc4 $1 {[%cal Rc4e2]} 19. a4 Qa6 $1 20. Bxc4 Qxc4 21. O-O-O Qxa4 22. Rhe1 Rfe8 23. Qf4 Qa5 {...Rxe1 is the strong threat.} 24. Rxe8+ Rxe8 25. Rd7 Qa2 {And now ...Bxc3! would win.} 26. Re7 Rd8 {( -> ...Qa1+)} 27. Kc2 {[#]} h6 $1 {[%cal Rh6g5][%mdl 512]} 28. Rxf7 $1 (28. Bxh6 Bxh6) 28... hxg5 $40 {[%mdl 128] [#] Black attacks.} 29. Rxg7+ $1 {[%mdl 512]} Kxg7 30. Qc7+ Qf7 31. Qxd8 Qxf2+ $15 {[%mdl 4096] Endgame KQ-KQ} 32. Kb1 Qxg2 {aiming for ...Qh1+.} 33. Qe7+ (33. Qd4+ $17 Kf7 34. Qd7+ Kf6 35. Qd6+ Kg7 36. Qe7+ Kh6 37. Qf8+ Kh5 38. Qh8+ Kg4 39. Qc8+ Kf3 40. Qxb7) 33... Kh6 $19 34. Qf8+ Kh5 35. Qh8+ Kg4 36. Qd4+ (36. Qc8+ $17 {is a better defense.} Kf3 37. Qxb7) 36... Kf3 37. Qd3+ $2 (37. Ka2) 37... Kf4 38. Qd6+ {[#]} Ke3 $1 39. Qd4+ {[#]} Ke2 $1 40. Qc4+ Ke1 41. Qe6+ Kf1 (41... Kf2 $142 42. Qxg6 Kg1) 42. Qxg6 $2 (42. h3 {is the only way for White.}) 42... g4 43. Qh6 Kg1 44. Ka2 Qd5+ ({Worse is} 44... Qxh2 45. Qc1+ Kg2 46. Qd2+ Kg3 47. Qe3+ Kh4 48. Qh6+ Kg3 49. Qe3+ Kg2 50. Qd2+ Kg1 51. Qd1+ Kf2 52. Qd2+ Kg3 53. Qe3+ $11) 45. Ka1 Qd1+ 46. Ka2 Qa4+ 47. Kb1 Qe4+ 48. Ka2 a5 49. Qh4 Qf3 50. Ka3 b5 {[%cal Bb7b5,Bb5b4][%mdl 32]} 51. Qh8 (51. Ka2 $19 b4 52. cxb4 axb4 53. Qe1+ Kxh2 54. Qd2+ Kh3 55. Qh6+ Kg3 56. Qd6+ Kf2 57. Qd2+ Kg3 58. Qd6+ Kh3 59. Qh6+ Kg3 60. Qd6+) 51... b4+ {Black mates.} 52. Ka4 Qd5 {[%cal Rd5a2]} 53. c4 Qxc4 {Precision: White = 35%, Black = 65%.} 0-1

[Event "1st Irena Warakomska Memorial"]
[Site "Suwalki"]
[Date "2017.08.13"]
[Round "3"]
[White "Kaczmarek, Aleksander"]
[Black "Bilguun, Sumiya"]
[Result "1/2-1/2"]
[WhiteElo "2368"]
[BlackElo "2443"]
[Annotator "TA"]
[PlyCount "84"]
[EventDate "2017.??.??"]
[EventType "swiss"]
[EventCountry "POL"]
[SourceTitle "playchess.com"]
[Source "ChessBase"]
[SourceQuality "1"]

{[%evp 19,84,16,1,-83,-91,-106,-109,-131,-107,-91,-74,-55,-57,-64,-50,-82,-89,-97,-91,-158,-170,-170,-161,-141,-103,-83,10,10,7,8,8,6,4,6,12,12,18,6,17,18,26,19,19,18,20,10,10,14,16,9,10,0,0,0,0,0,0,0,0,0,0,0,0,0,0,0,0]} 1. e4 c5 2. Nf3 e6 3. d4 cxd4 4. Nxd4 a6 5. Bd3 Qc7 6. O-O g6 {B42: Sicilian: Kan Variation: 5 Bd3} (6... Nf6 7. Qe2 d6 8. c4 g6 9. Nc3 Bg7 10. Nf3 O-O 11. h3 Nc6 12. Be3 Nd7 13. Rac1 Nde5 14. Rfd1 Nxf3+ 15. Qxf3 Ne5 16. Qe2 b6 17. b3 Bb7 18. Bb1 Rfd8 {0-1 (61) Volokitin,A (2624)-Vallejo Pons,F (2711) Almaty 2016}) 7. b3 Bg7 8. Bb2 Nf6 $146 ({Predecessor:} 8... Qb6 9. c3 Ne7 10. Nd2 Nbc6 11. Nc4 Qc7 12. Nxc6 dxc6 13. e5 O-O 14. Qe2 {½-½ (28) Wahono,A (2401)-Lioe,D (2378) Jakarta 2001}) 9. Nd2 O-O 10. c4 d6 {LiveBook: 3 Games} 11. f4 (11. N4f3 $11) 11... Nh5 $17 12. Kh1 Nc6 13. e5 {Black should prevent Nxc6.} Nxd4 14. Bxd4 dxe5 15. Bxe5 Bxe5 16. fxe5 Qxe5 17. Qf3 f5 18. Rae1 Qd6 19. c5 (19. Rd1 $142) 19... Qxc5 20. Bc4 Ng7 21. Qf4 Rd8 {[#] And now ...b5 would win.} 22. Nf3 b5 (22... Qe7 $17 {Hoping for ...b5.} 23. a4 Bd7) 23. Qh6 $1 $11 {Strongly threatening Ng5.} Qa7 ({Not} 23... bxc4 $2 24. Ng5 $18) 24. Ng5 Nh5 25. Nxe6 Bxe6 26. Bxe6+ Kh8 27. Bxf5 $1 Qg7 28. Qxg7+ (28. Qg5 $5 {[%cal Rf5e4]} Rd5 29. Qh4 $11) 28... Kxg7 29. Re7+ Kh6 $1 30. Be4 Rf8 {[%cal Rf8f1] [#] The position is equal.} 31. Bf3 Rae8 32. Rfe1 Rxe7 33. Rxe7 {[%mdl 4096] Endgame KRB-KRN} Ng7 34. Kg1 Nf5 35. Re6 Nd4 36. Rxa6 Nxf3+ 37. gxf3 Rxf3 {KR-KR} 38. Ra5 Rc3 39. Rxb5 {a4 is the strong threat.} Rc1+ 40. Kg2 {Black must now prevent a4.} Rc2+ 41. Kg3 {Threatens to win with a4.} Rxa2 42. b4 Rb2 {Precision: White = 69%, Black = 78%.} 1/2-1/2